| 000 | 00674nam a2200229Ia 4500 | ||
|---|---|---|---|
| 001 | 2831 | ||
| 008 | 190410s1998 ii a g b000 u 465 u | ||
| 020 | _a0-333-66898-7 | ||
| 082 | _a822.3309 | ||
| 100 |
_aShakespeare, William ., _eAuthor. |
||
| 245 | 0 |
_aThe Merchant of Venice / _cWilliam Shakespeare. _hTextual Documents |
|
| 250 | _a1st ed. / | ||
| 260 |
_aLondon : _bPalgrave macmillan , _c1998. |
||
| 300 |
_a248p : _bill ; _c18cm . |
||
| 500 | _aed. by Martin Coyle | ||
| 653 | _aEnglish essays-Criitcism | ||
| 653 | _aEnglish drama-Criticism | ||
| 653 | _aPG-English | ||
| 653 | _aShakespeare, William-Criticism | ||
| 700 | _aColye, Martin . | ||
| 942 |
_2ddc _cBK |
||
| 999 |
_c2824 _d2824 |
||